00000000nam##2200000za#4500
0019.579407
003CaOODSP
00520210624190540
007cr |||||||||||
008150406|2008||||xxc|||||o    f|0| 0 eng|d
022 |a1488-5379
040 |aCaOODSP|beng
043 |an-cn---
0861 |aFs97-6/2844E-PDF
1101 |aCanada. |bDepartment of Fisheries and Oceans.
24510|aCoastal habitat occupancy by lobsters, Homarus americanus, in relation to dredge spoil disposal in the approaches to Saint John Harbour, New Brunswick, Canada / |h[electronic resource]|cby P. Lawton ... [et al.]
260 |aSt. Andrews - New Brunswick : |bFisheries and Oceans Canada |c2008.
300 |a67p.|bfigs. (some coloured), references, tables
4901 |aCanadian technical report of fisheries and aquatic sciences|x1488-5379|vNo. 2844
500 |aOn t.p.: Biological Station, St. Andrews, New Brunswick. The catalogue number and ISSN for the print edition appear in the PDF version.
546 |a(Résumé en français.)
590 |a14-06-Supp|b2014-03-21
7201 |aLawton, P.
830#0|aCanadian technical report of fisheries and aquatic sciences,|x1488-5379|vNo. 2844|w(CaOODSP)9.504449
85640|ahttp://publications.gc.ca|qPDF|s2346 KB|uhttps://publications.gc.ca/collections/collection_2014/mpo-dfo/Fs97-6-2844-eng.pdf|yNo. 2844